Do jakich włosów kupujemy specjalny szampon? - Statystyki

Ogólne statystyki
  • Ten quiz został rozwiązany 7 razy
  • Średni wynik to 2 z 7
Statystyki odpowiedzi
Hint Odpowiedź % Poprawnych
5. Farbowanych
83%
1. Przetłuszczających się
50%
2. Łamliwych
17%
6. Ciemnych
0%
7. Jasnych
0%
3. Wypadających
0%
4. Wypadających
0%
Nie znaleziono quizów pasujących do podanych kryteriów
Rozkład punktacji
Procent ludzi z każdym wynikiem
Percentyl według liczby udzielonych odpowiedzi
Twoja historia wyników
Nie rozwiązałeś tego quizu